The Impact of Minimum Wage Increases on Unemployment in the V4 Countries: Assessing the Recommendations of the European Commission
Identifikovaanie vplyvu Kaitzovho indexu a niekoľkých ďalších vybraných premenných na nezamestnanosť v krajinách V4.
Uložené v:
| Hlavný autor: | |
|---|---|
| Ďalší autori: | , |
| Médium: | Kapitola |
| Jazyk: | English |
| Predmet: | |
| Tagy: |
Žiadne tagy, Buďte prvý, kto otaguje tento záznam!
|
MARC
| LEADER | 00000naa a2200000 4500 | ||
|---|---|---|---|
| 001 | 0304959 | ||
| 005 | 20250414101455.3 | ||
| 041 | 0 | |a eng | |
| 044 | |a PL | ||
| 245 | 1 | 0 | |a The Impact of Minimum Wage Increases on Unemployment in the V4 Countries: Assessing the Recommendations of the European Commission |c Andrea Tkáčová, Beáta Gavurová, Barbora Gontkovičová |
| 520 | |a Identifikovaanie vplyvu Kaitzovho indexu a niekoľkých ďalších vybraných premenných na nezamestnanosť v krajinách V4. | ||
| 610 | 2 | 0 | |a nezamestnanosť |
| 610 | 2 | 0 | |a mzdy minimálne |
| 610 | 2 | 0 | |a Vyšehradská štvorka |
| 610 | 2 | 0 | |a mzdy priemerné |
| 610 | 2 | 0 | |a indexy |
| 610 | 2 | 0 | |a Európska komisia |
| 100 | 1 | |a Tkáčová, Andrea | |
| 700 | 1 | |a Gavurová, Beáta, 1972- | |
| 700 | 1 | |a Gontkovičová, Barbora, 1986- | |